000 00837cam a22001931 4500
082 _a624.1772
_bAME
_cL-19, P-50
110 2 _aAmerican Concrete Institute.
_937057
245 1 0 _aSymposium on reinforced concrete columns.
260 _aDetroit
_c[1966]
300 _axi, 377 p.
_billus.
_c24 cm.
490 1 _aIts Special publication,
500 _a"A symposium of 14 papers ... four of which were presented at the 61st Annual ACI Convention, San Francisco, California, March 4, l965. Compiled under the sponsorship of ACI-ASCE Committee 441, Reinforced Concrete Columns."
526 _a0
_b0
_c0
_d624_177200000000000_AME
650 0 _aColumns, Concrete.
_942968
650 0 _aMCE
_9379
650 0 _aReinforced concrete construction.
710 2 _aJoint ACI-ASCE Committee 441: Reinforced Concrete Columns.
_942969
942 _2ddc
_cBK
999 _c546772
_d546772